000 00353 a2200109 4500
001 ART_21219
005 20260410161821.0
008 260409a
245 1 0 _aLa construcción del derecho penal económico procesal
100 1 _aVanella, Carolina A.
773 0 _tDoctrina Penal Tributaria y Económica
_g- Nº 30 (nov. 2013)
_wREV4317
999 _c22311
_d22311